[Event "ch-CHN Women 2018"]
[Site "Xinghua CHN"]
[Date "2018.04.18"]
[Round "1.1"]
[White "Ning, Kaiyu"]
[Black "Li, Xueyi"]
[Result "1/2-1/2"]
[WhiteElo "2176"]
[BlackElo "2275"]
[WhiteFideId "8614750"]
[BlackFideId "8605912"]
[EventDate "2018.04.18"]

1. d4 Nf6 2. c4 e6 3. Nf3 b6 4. g3 Bb7 5. Bg2 g6 6. Nc3 Bg7 7. d5 O-O 8. O-O Re8
9. e4 exd5 10. exd5 d6 11. Be3 Nbd7 12. Bd4 Rc8 13. Re1 Rxe1+ 14. Qxe1 c5 15.
dxc6 Bxc6 16. b3 Qc7 17. Rd1 Qb7 18. Nh4 Bxg2 19. Nxg2 Re8 20. Qd2 Ne5 21. Bxe5
dxe5 22. Nd5 Ne4 23. Qe3 Nd6 24. Nf6+ Bxf6 25. Rxd6 Qe7 26. Qd2 Bg5 27. Qd5 e4
28. h4 Bh6 29. Kh2 e3 30. fxe3 Bxe3 31. b4 Bf2 32. c5 bxc5 33. bxc5 Qc7 34. c6
Re6 35. Rd8+ Kg7 36. Nf4 Bxg3+ 37. Kxg3 Re3+ 38. Kg2 Qxf4 39. Qd4+ Qxd4 40. Rxd4
Rc3 41. Ra4 Rxc6 42. Rxa7 Rc3 43. a4 Ra3 44. a5 h5 45. Ra6 Kf8 46. Ra7 Kg7 47.
Ra6 f6 48. Ra7+ Kh6 49. Ra6 Ra4 50. Kg3 Rg4+ 51. Kh3 Rf4 52. Kg3 g5 53. hxg5+
Kxg5 54. Ra8 h4+ 55. Kh3 Rf3+ 56. Kg2 Ra3 57. a6 Kg4 58. Rg8+ Kf4 59. Ra8 f5 60.
a7 Rg3+ 61. Kf2 Ra3 62. Kg2 Ra1 63. Kh2 Ra6 64. Kg2 Rg6+ 65. Kh3 Rg7 66. Rb8
Rxa7 67. Rb4+ Kg5 68. Rb3 Ra4 69. Rc3 Kf4 70. Kxh4 Re4 71. Ra3 Rd4 72. Rb3 Re4
73. Ra3 Re3 74. Ra4+ Ke5 75. Ra5+ Kf6 76. Ra6+ Ke5 77. Ra5+ Kf4 78. Ra4+ Re4 1/2-1/2

[Event "ch-CHN Women 2018"]
[Site "Xinghua CHN"]
[Date "2018.04.18"]
[Round "1.2"]
[White "Gu, Tianlu"]
[Black "Zhai, Mo"]
[Result "1/2-1/2"]
[WhiteTitle "WIM"]
[BlackTitle "WGM"]
[WhiteElo "2171"]
[BlackElo "2310"]
[WhiteFideId "8603995"]
[BlackFideId "8600201"]
[EventDate "2018.04.18"]

1. e4 e5 2. Nf3 Nc6 3. Bb5 a6 4. Ba4 Nf6 5. d3 b5 6. Bb3 Be7 7. a4 Rb8 8. axb5
axb5 9. O-O d6 10. Nc3 Bg4 11. Be3 O-O 12. h3 Be6 13. Bxe6 fxe6 14. Ra6 Qd7 15.
d4 b4 16. dxe5 bxc3 17. exf6 Bxf6 18. bxc3 Bxc3 19. Ra3 Bf6 20. Bg5 Bb2 21. Rd3
h6 22. Bh4 Qf7 23. c3 Qh5 24. Bg3 Qc5 25. Qa4 Qb5 26. Qc2 Qb3 27. Qe2 Qc4 28.
Nd2 Qa6 29. Qe3 Na5 30. e5 d5 31. Bh4 Nc4 32. Nxc4 Qxc4 33. Be7 Rf7 34. Bb4 Rb5
35. Rd4 Rxb4 36. Rxc4 Rxc4 37. Qd3 Bxc3 38. Qg6 Re4 39. Qxe6 Rxe5 40. Qg4 Re4
41. Qc8+ Kh7 42. Qb7 Re5 43. f4 Ref5 44. Qb1 Kg8 45. Qd3 Bb4 46. g4 Rxf4 47.
Rxf4 Rxf4 48. Qxd5+ Rf7 49. h4 Be7 50. g5 hxg5 51. hxg5 g6 1/2-1/2

[Event "ch-CHN Women 2018"]
[Site "Xinghua CHN"]
[Date "2018.04.18"]
[Round "1.3"]
[White "Liu, Manli"]
[Black "Guo, Qi"]
[Result "1-0"]
[BlackTitle "IM"]
[WhiteElo "2183"]
[BlackElo "2381"]
[WhiteFideId "8608121"]
[BlackFideId "8604002"]
[EventDate "2018.04.18"]

1. e4 c6 2. d4 d5 3. exd5 cxd5 4. Bd3 Nc6 5. c3 Nf6 6. h3 e5 7. dxe5 Nxe5 8.
Bb5+ Nc6 9. Nf3 Bd6 10. Qe2+ Be7 11. Ne5 Bd7 12. Nxd7 Qxd7 13. O-O O-O 14. Bf4
Bc5 15. Qd3 Ne4 16. Nd2 Qf5 17. Be3 Ne5 18. Qe2 Bd6 19. Rad1 Bc7 20. Bd4 a6 21.
Ba4 Ng6 22. Qg4 Qf4 23. g3 Qh6 24. Nxe4 dxe4 25. Qf5 Rad8 26. Be3 Ne7 27. Qxe4
Qxh3 28. Rxd8 Bxd8 29. Qxb7 Qf5 30. Rd1 Ng6 31. Qd7 Qe4 32. Bc5 Be7 33. Bxe7
Nxe7 34. Bb3 Ng6 35. Qd5 Qg4 36. Rd4 Qh3 37. Rd3 Qg4 38. Rf3 Ne5 39. Rf4 Qg5 40.
Kg2 h6 41. Re4 Ng6 42. Qxg5 hxg5 43. Rg4 Ne5 44. Rxg5 Nd3 45. Rd5 Ne1+ 46. Kf1
Nf3 47. Bd1 1-0

[Event "ch-CHN Women 2018"]
[Site "Xinghua CHN"]
[Date "2018.04.18"]
[Round "1.5"]
[White "Huang, Qian"]
[Black "Ren, Xiaoyi"]
[Result "1-0"]
[WhiteTitle "WGM"]
[WhiteElo "2440"]
[BlackElo "2263"]
[WhiteFideId "8602689"]
[BlackFideId "8608709"]
[EventDate "2018.04.18"]

1. d4 d5 2. Nf3 Bf5 3. c4 dxc4 4. Qa4+ c6 5. Qxc4 Nf6 6. g3 e6 7. Bg2 Nbd7 8.
O-O Bd6 9. Nc3 O-O 10. Re1 Ne4 11. Nh4 Nxc3 12. bxc3 Qa5 13. e4 Bg4 14. h3 Bh5
15. Qb3 Rab8 16. Be3 Be7 17. Nf3 Bxf3 18. Bxf3 Bg5 19. e5 Bxe3 20. fxe3 Kh8 21.
Kg2 Nb6 22. Qb4 Qxb4 23. cxb4 Nd5 24. Rab1 Kg8 25. b5 Rfc8 26. a4 cxb5 27. Bxd5
Rc2+ 28. Kf3 exd5 29. Rxb5 h5 30. Rxd5 Ra2 31. a5 Rc8 32. Rb1 Rc3 33. e6 fxe6
34. Rxh5 Rc7 35. Rhb5 Kf8 36. Rxb7 Rxb7 37. Rxb7 Rxa5 38. h4 Ra2 39. Kf4 Ra5 40.
g4 a6 41. Ra7 Ra3 42. e4 Ra5 43. h5 e5+ 44. dxe5 Ra1 45. e6 a5 46. e7+ Ke8 47.
Kf5 Rf1+ 48. Kg6 a4 49. g5 Rg1 50. Rxa4 Kxe7 51. Ra7+ 1-0

[Event "ch-CHN Women 2018"]
[Site "Xinghua CHN"]
[Date "2018.04.18"]
[Round "1.6"]
[White "Ni, Shiqun"]
[Black "Zhu, Jiner"]
[Result "1-0"]
[WhiteTitle "WGM"]
[WhiteElo "2444"]
[BlackElo "2313"]
[WhiteFideId "8608466"]
[BlackFideId "8608059"]
[EventDate "2018.04.18"]

1. e4 c5 2. Nf3 e6 3. c3 d5 4. exd5 Qxd5 5. d4 Nf6 6. Na3 Be7 7. Be3 cxd4 8. Nb5
Na6 9. Qxd4 b6 10. Bc4 Qxd4 11. Bxd4 O-O 12. a4 Bb7 13. Ne5 Rfc8 14. a5 Nc5 15.
axb6 axb6 16. O-O Ncd7 17. b3 Nxe5 18. Bxe5 Nd5 19. Bd4 Bc5 20. Bxc5 bxc5 21.
Nd6 Rxa1 22. Rxa1 Ra8 23. Rxa8+ Bxa8 24. Ne4 Nb6 25. Nxc5 Nxc4 26. bxc4 Kf8 27.
Nd3 Ke7 28. c5 Bc6 29. Nb4 Bb5 30. f4 h5 31. Kf2 f6 32. Ke3 Kd7 33. g3 Bf1 34.
Kd4 Bg2 35. Kc4 Bf1+ 36. Kd4 Bg2 37. Nc2 Bf1 38. Ne3 Be2 39. Nc4 Bf1 40. Nd6 Be2
41. Nb7 Bf3 42. Na5 Be2 43. Nb3 Bf1 44. Ke3 Bg2 45. Nd4 Bh3 46. Kf3 Kc7 47. Ke3
Kd7 48. Kf3 Kc7 49. Ke4 Bg2+ 50. Kd3 Kd7 51. Kc4 Bf1+ 52. Kb4 Bd3 53. c6+ Kd6
54. c7 Ba6 55. Ka5 Bc8 56. Kb6 e5 57. fxe5+ fxe5 58. Ne2 g5 59. c4 e4 60. h4
gxh4 61. gxh4 e3 62. c5+ Kd5 63. c6 Bg4 64. Kb7 Kc5 65. Ng3 Bh3 66. Nxh5 Kd5 1-0

[Event "ch-CHN Women 2018"]
[Site "Xinghua CHN"]
[Date "2018.04.19"]
[Round "2.1"]
[White "Li, Xueyi"]
[Black "Zhu, Jiner"]
[Result "0-1"]
[WhiteElo "2275"]
[BlackElo "2313"]
[WhiteFideId "8605912"]
[BlackFideId "8608059"]
[EventDate "2018.04.18"]

1. d4 Nf6 2. c4 g6 3. g3 Bg7 4. Bg2 d6 5. Nc3 O-O 6. Nf3 Nc6 7. O-O Bf5 8. b3 e5
9. dxe5 dxe5 10. Ba3 Re8 11. Nh4 Bg4 12. h3 Bd7 13. Nd5 e4 14. f4 Nh5 15. Kh2
Nd4 16. Bb2 Nxg3 17. Kxg3 Qxh4+ 18. Kh2 Nf5 19. Bxg7 Qg3+ 20. Kg1 Kxg7 21. Qe1
Rac8 22. Rd1 Bc6 23. Qxg3 Nxg3 24. Rfe1 Bxd5 25. cxd5 Rcd8 26. e3 Rd6 27. Rd4 f5
28. Kf2 Nh5 29. Rc1 c6 30. Rb4 Re7 31. dxc6 bxc6 32. Rc2 Red7 33. Ke2 Nf6 34.
Rbc4 Rd3 35. Bf1 Nd5 36. Kf2 Rxe3 37. Rd4 Rf3+ 38. Ke1 Rxf1+ 0-1

[Event "ch-CHN Women 2018"]
[Site "Xinghua CHN"]
[Date "2018.04.19"]
[Round "2.2"]
[White "Ren, Xiaoyi"]
[Black "Ni, Shiqun"]
[Result "0-1"]
[BlackTitle "WGM"]
[WhiteElo "2263"]
[BlackElo "2444"]
[WhiteFideId "8608709"]
[BlackFideId "8608466"]
[EventDate "2018.04.18"]

1. d4 Nf6 2. c4 g6 3. g3 c6 4. Bg2 d5 5. cxd5 cxd5 6. Nf3 Bg7 7. Nc3 O-O 8. Ne5
Bf5 9. O-O Ne4 10. Qb3 Nc6 11. Nxc6 bxc6 12. Nxe4 dxe4 13. e3 Qd5 14. Qxd5 cxd5
15. Bd2 e5 16. Bc3 exd4 17. Bxd4 Bxd4 18. exd4 Rab8 19. b3 Rb4 20. Rfd1 Rc8 21.
Rd2 Rc3 22. Bf1 a5 23. Be2 Bh3 24. Bf1 Bg4 25. Re1 Bd7 26. Kg2 g5 27. Be2 f5 28.
h3 f4 29. Bg4 Bxg4 30. hxg4 f3+ 31. Kf1 Rb6 32. Red1 Rh6 0-1

[Event "ch-CHN Women 2018"]
[Site "Xinghua CHN"]
[Date "2018.04.19"]
[Round "2.3"]
[White "Wang, Jue"]
[Black "Huang, Qian"]
[Result "1/2-1/2"]
[WhiteTitle "WGM"]
[BlackTitle "WGM"]
[WhiteElo "2365"]
[BlackElo "2440"]
[WhiteFideId "8604070"]
[BlackFideId "8602689"]
[EventDate "2018.04.18"]

1. e4 c5 2. Nf3 d6 3. d4 cxd4 4. Nxd4 Nf6 5. Nc3 a6 6. Bg5 e6 7. f4 Qb6 8. Qd2
Nc6 9. Bxf6 gxf6 10. Nb3 h5 11. Be2 h4 12. Rf1 Bd7 13. O-O-O O-O-O 14. Kb1 Be7
15. Qd3 Kb8 16. Qh3 Rc8 17. Bg4 Qd8 18. a3 Rc7 19. Rd3 Qg8 20. Qf3 Qg7 21. Bh3
Na7 22. Nd4 Nc6 23. Nb3 Na7 24. Nd4 Nc6 25. Nxc6+ Bxc6 26. f5 e5 27. Bg4 Rhc8
28. Rf2 Qg5 29. h3 Bf8 30. Rfd2 Rd7 31. Nd5 Bxd5 32. Rxd5 Rc6 33. Qd3 Bh6 34.
Rd1 Qe3 35. c3 Qxd3+ 36. R5xd3 Kc7 37. Re1 Kd8 38. Bd1 Ke7 39. Bb3 Bf4 40. Bd5
Rc8 41. b4 Rg8 42. Re2 Rg3 43. Rxg3 Bxg3 44. Kc2 Kd8 45. Kd3 Kc7 46. a4 Kb8 47.
a5 Ka7 48. Rb2 b6 49. axb6+ Kxb6 50. Ra2 Ra7 51. Ra5 Be1 52. Bc4 Bg3 53. Bb3 Be1
54. Rd5 Kc7 55. Bd1 Bf2 56. Ke2 Bb6 57. Kd3 a5 58. bxa5 Rxa5 1/2-1/2

[Event "ch-CHN Women 2018"]
[Site "Xinghua CHN"]
[Date "2018.04.19"]
[Round "2.4"]
[White "Guo, Qi"]
[Black "Wang, Yu A."]
[Result "1-0"]
[WhiteTitle "IM"]
[BlackTitle "IM"]
[WhiteElo "2381"]
[BlackElo "2337"]
[WhiteFideId "8604002"]
[BlackFideId "8601097"]
[EventDate "2018.04.18"]

1. d4 f5 2. c4 Nf6 3. g3 g6 4. Bg2 Bg7 5. Nf3 O-O 6. O-O d6 7. Nc3 c6 8. d5 e5
9. dxe6 Bxe6 10. Qd3 Nbd7 11. Bf4 Nb6 12. b3 Ne4 13. Nxe4 fxe4 14. Qxe4 Bf5 15.
Qe3 Bxa1 16. Rxa1 Qf6 17. Rd1 d5 18. Be5 Qe7 19. Qc1 dxc4 20. Bb2 Rad8 21. Re1
Be4 22. bxc4 Qb4 23. Ba3 Qxc4 24. Bxf8 Qxc1 25. Rxc1 Rxf8 26. Nd4 Bxg2 27. Kxg2
Rd8 28. Nb3 Kf7 29. Nc5 Rd2 30. e4 Nd7 31. Nxb7 Ne5 32. Rc3 Rxa2 33. Nd8+ Kf6
34. Nxc6 Nxc6 35. Rxc6+ Ke5 36. Rc7 Kxe4 37. Rxh7 a5 38. h4 a4 39. Rf7 Ke5 40.
g4 Rb2 41. Ra7 Rb4 42. Kg3 Rb3+ 43. f3 a3 44. Ra6 Kd4 45. Rxg6 Ke3 46. h5 Ke2
47. Rf6 Rb1 48. Re6+ Kd2 49. Ra6 1-0

[Event "ch-CHN Women 2018"]
[Site "Xinghua CHN"]
[Date "2018.04.19"]
[Round "2.5"]
[White "Zhai, Mo"]
[Black "Liu, Manli"]
[Result "1-0"]
[WhiteTitle "WGM"]
[WhiteElo "2310"]
[BlackElo "2183"]
[WhiteFideId "8600201"]
[BlackFideId "8608121"]
[EventDate "2018.04.18"]

1. d4 Nf6 2. c4 e6 3. Nf3 d5 4. Bg5 Be7 5. Nc3 O-O 6. e3 h6 7. Bh4 b6 8. Be2
dxc4 9. Bxc4 Bb7 10. O-O Ne4 11. Bxe7 Qxe7 12. Rc1 a6 13. Nxe4 Bxe4 14. Be2 Rc8
15. Ne5 Ra7 16. Qb3 Qd6 17. Qa4 a5 18. a3 c6 19. Rc3 f6 20. Nc4 Qd8 21. Qb3 b5
22. Nb6 Bd5 23. Nxd5 exd5 24. e4 Rcc7 25. Bf3 Kh8 26. exd5 cxd5 27. Rxc7 Rxc7
28. Qxb5 Rc4 29. Re1 Kh7 30. g3 Qc7 31. Bxd5 Rxd4 32. Be4+ g6 33. Qe8 1-0

[Event "ch-CHN Women 2018"]
[Site "Xinghua CHN"]
[Date "2018.04.19"]
[Round "2.6"]
[White "Ning, Kaiyu"]
[Black "Gu, Tianlu"]
[Result "1-0"]
[BlackTitle "WIM"]
[WhiteElo "2176"]
[BlackElo "2171"]
[WhiteFideId "8614750"]
[BlackFideId "8603995"]
[EventDate "2018.04.18"]

1. d4 d5 2. c4 e6 3. Nf3 Nf6 4. Nc3 c6 5. e3 Nbd7 6. Bd3 Bd6 7. O-O O-O 8. Qc2
e5 9. cxd5 cxd5 10. Nb5 Bb8 11. dxe5 Nxe5 12. Nxe5 Bxe5 13. Bd2 a6 14. Bc3 Bxc3
15. Nxc3 d4 16. Ne4 Nxe4 17. Bxe4 f5 18. Qb3+ Kh8 19. Bf3 dxe3 20. Qxe3 Qf6 21.
b3 f4 22. Qc5 Rf7 23. Rad1 Bf5 24. Rfe1 Rc8 25. Qb4 g5 26. h3 Kg7 27. Bh5 Bg6
28. Rd6 Qc3 29. Qxc3+ Rxc3 30. Bxg6 hxg6 31. Ree6 Rc1+ 32. Kh2 Rc2 33. Rxg6+ Kf8
34. f3 Rc5 35. Rd8+ Ke7 36. Rdg8 Rc2 37. Rb8 Rxa2 38. Rxb7+ Kf8 39. Rb8+ Ke7 40.
Rbb6 Rb2 41. Rxg5 Rf6 42. Rg7+ Kf8 43. Rxf6+ Kxg7 44. Rxa6 Rxb3 45. Ra4 1-0

[Event "ch-CHN Women 2018"]
[Site "Xinghua CHN"]
[Date "2018.04.20"]
[Round "3.1"]
[White "Gu, Tianlu"]
[Black "Li, Xueyi"]
[Result "1/2-1/2"]
[WhiteTitle "WIM"]
[WhiteElo "2171"]
[BlackElo "2275"]
[WhiteFideId "8603995"]
[BlackFideId "8605912"]
[EventDate "2018.04.18"]

1. e4 c5 2. Nf3 d6 3. d4 cxd4 4. Nxd4 Nf6 5. Nc3 a6 6. g3 e5 7. Nde2 h5 8. Bg5
Be7 9. Bxf6 Bxf6 10. Nd5 Nc6 11. Qd3 Bg5 12. h4 Bh6 13. f4 exf4 14. gxf4 Bg4 15.
O-O-O O-O 16. Kb1 a5 17. a3 f5 18. Bg2 Ne7 19. exf5 Nxf5 20. Bf3 Bxf3 21. Qxf3
b5 22. Qxh5 b4 23. a4 Rb8 24. Rd3 Qe8 25. Qg4 Qxa4 26. Nd4 Nxd4 27. Rxd4 Qe8 28.
f5 b3 29. c3 Kh8 30. Re4 Qf7 31. Ne7 Kh7 32. Re6 Rb5 33. Qe4 Re5 34. Rxe5 dxe5
35. f6+ g6 36. h5 Qxf6 37. Qxg6+ Qxg6+ 38. hxg6+ Kg7 39. Nc6 e4 40. Nd4 Rf6 41.
Nxb3 e3 42. Re1 Ra6 43. Kc2 Kxg6 44. Kd3 a4 45. Nd4 Rb6 46. Kc2 Ra6 1/2-1/2

[Event "ch-CHN Women 2018"]
[Site "Xinghua CHN"]
[Date "2018.04.20"]
[Round "3.2"]
[White "Liu, Manli"]
[Black "Ning, Kaiyu"]
[Result "0-1"]
[WhiteElo "2183"]
[BlackElo "2176"]
[WhiteFideId "8608121"]
[BlackFideId "8614750"]
[EventDate "2018.04.18"]

1. e4 d5 2. exd5 Qxd5 3. Nc3 Qa5 4. d4 c6 5. Bc4 Bf5 6. Nf3 e6 7. O-O Nd7 8. Nh4
Bg6 9. Nxg6 hxg6 10. Ne4 Be7 11. c3 Ngf6 12. Nxf6+ Nxf6 13. Bf4 O-O-O 14. Qf3
Bd6 15. Bxd6 Rxd6 16. b4 Qf5 17. Qxf5 gxf5 18. f3 g5 19. Rae1 Nd5 20. Bxd5 cxd5
21. f4 g4 22. a4 Rc6 23. Re3 Rc4 24. a5 Kd7 25. Ra1 Rh4 26. Ra2 Rc8 27. Rc2 Kd6
28. Re1 Rh7 29. Re3 Rch8 30. g3 Rc8 31. Rb2 Rhh8 32. Kg2 Rc4 33. Ra2 Kc6 34. Ra3
Kb5 35. Rd3 Rc6 36. Kg1 Ra6 37. Rd2 Rc8 38. Kf2 Rac6 39. Rd3 Kc4 40. Ke3 Rh8 41.
Rd2 Rhc8 42. Rb2 Kb5 43. Kd3 Ra6 44. Rba2 Rh8 45. Rb2 Rc6 46. Rba2 e5 47. dxe5
Rch6 48. Kd4 Rxh2 49. a6 b6 50. e6 fxe6 51. Ke5 R2h6 52. Kd6 Rd8+ 53. Ke5 d4 54.
Ra5+ bxa5 55. Rxa5+ Kb6 56. cxd4 Rd7 0-1

[Event "ch-CHN Women 2018"]
[Site "Xinghua CHN"]
[Date "2018.04.20"]
[Round "3.3"]
[White "Wang, Yu A."]
[Black "Zhai, Mo"]
[Result "0-1"]
[WhiteTitle "IM"]
[BlackTitle "WGM"]
[WhiteElo "2337"]
[BlackElo "2310"]
[WhiteFideId "8601097"]
[BlackFideId "8600201"]
[EventDate "2018.04.18"]

1. e4 e6 2. d4 d5 3. exd5 exd5 4. Nf3 Nf6 5. Bd3 Bd6 6. Qe2+ Be6 7. c4 Bb4+ 8.
Nc3 O-O 9. O-O Re8 10. Bg5 Bxc3 11. bxc3 Nbd7 12. Rfe1 Bg4 13. Qc2 Bxf3 14. gxf3
h6 15. Bh4 c5 16. cxd5 cxd4 17. cxd4 Qa5 18. Rxe8+ Rxe8 19. Bxf6 Nxf6 20. Qc5
Qd2 21. Bb5 Qg5+ 22. Kf1 Rd8 23. d6 Qf4 24. d7 Qxf3 25. Qe7 Qh1+ 26. Ke2 Qe4+
27. Qxe4 Nxe4 28. Rc1 Nd6 29. d5 Kf8 30. Bc6 Ke7 31. Kd3 bxc6 32. dxc6 Nb5 33.
Kc4 Nc7 34. Kc5 Rb8 35. a4 Rb2 36. f4 Rd2 37. Re1+ Kd8 38. f5 Rd5+ 39. Kc4 Rxf5
40. Rb1 Na6 41. Rb7 Rc5+ 42. Kd4 Rxc6 43. Rxa7 Nc7 0-1

[Event "ch-CHN Women 2018"]
[Site "Xinghua CHN"]
[Date "2018.04.20"]
[Round "3.4"]
[White "Huang, Qian"]
[Black "Guo, Qi"]
[Result "1-0"]
[WhiteTitle "WGM"]
[BlackTitle "IM"]
[WhiteElo "2440"]
[BlackElo "2381"]
[WhiteFideId "8602689"]
[BlackFideId "8604002"]
[EventDate "2018.04.18"]

1. d4 d5 2. Nf3 Nf6 3. c4 e6 4. g3 Bb4+ 5. Bd2 Be7 6. Bg2 c6 7. Qb3 O-O 8. O-O
b6 9. Nc3 Ba6 10. cxd5 cxd5 11. Rfc1 Bb7 12. Ne5 Nfd7 13. Nd3 Nc6 14. e3 Rc8 15.
a4 Na5 16. Qd1 Nc4 17. Be1 a6 18. b3 Nd6 19. a5 Ne4 20. axb6 Nxc3 21. Bxc3 Qxb6
22. Ba5 Qa7 23. Bf1 Rxc1 24. Rxc1 Rc8 25. Rxc8+ Bxc8 26. Qc2 Qb7 27. b4 Nb8 28.
Nc5 Qc6 29. Qb1 g6 30. h4 h5 31. Qb2 Bd7 32. Qe2 Bc8 33. Qa2 Bb7 34. Bg2 Bc8 35.
Qc2 Nd7 36. Qd3 Kg7 37. Bf1 Nb8 38. Qc2 Kg8 39. Bd3 Kh7 40. Kh2 Bd6 41. Qb2 Be7
42. Qe2 Kg8 43. Qc2 Kh7 44. Qe2 Kg8 45. b5 axb5 46. Bxb5 Qa8 47. Bc7 Qa7 48. Bf4
Nd7 49. Nxe6 Ne5 50. Bxe5 Bxe6 51. Bd3 Bf8 52. Qb2 Kh7 53. Kg2 Bg7 54. Bxg7 Kxg7
55. e4 Qd7 56. e5 Bf5 57. Qb5 Be4+ 58. f3 Bxf3+ 59. Kxf3 Qg4+ 60. Ke3 Qxg3+ 61.
Kd2 Qxh4 62. Qxd5 Qf2+ 63. Kc3 h4 64. Qh1 Qg3 65. Kc4 h3 66. Be4 Qf4 67. Qf3 Qh4
68. Bd5 Qd8 69. Qxf7+ Kh6 70. Qf4+ g5 71. Qf5 Qc7+ 72. Kd3 1-0

[Event "ch-CHN Women 2018"]
[Site "Xinghua CHN"]
[Date "2018.04.20"]
[Round "3.5"]
[White "Ni, Shiqun"]
[Black "Wang, Jue"]
[Result "0-1"]
[WhiteTitle "WGM"]
[BlackTitle "WGM"]
[WhiteElo "2444"]
[BlackElo "2365"]
[WhiteFideId "8608466"]
[BlackFideId "8604070"]
[EventDate "2018.04.18"]

1. e4 c5 2. Nf3 e6 3. c3 Nf6 4. e5 Nd5 5. Bc4 d6 6. d4 cxd4 7. cxd4 Be7 8. O-O
O-O 9. Qe2 b6 10. Bxd5 exd5 11. Rd1 Na6 12. Nc3 Nc7 13. Bf4 Bb7 14. Qc2 Rc8 15.
Qb3 Qd7 16. Bg3 Rfd8 17. a4 Bc6 18. h3 h6 19. exd6 Bxd6 20. Bxd6 Qxd6 21. Nb5
Bxb5 22. axb5 Qd7 23. Rxa7 Qxb5 24. Rd3 Qc6 25. Rc3 Qd6 26. Qc2 Nb5 27. Rxc8
Nxa7 28. Rc7 Rd7 29. Rc3 Re7 30. g3 g6 31. Qd2 Kg7 32. Ne5 h5 33. Qd3 Rc7 34.
Rxc7 Qxc7 35. Kg2 Nc8 36. Qb5 f6 37. Nd3 Ne7 38. Qe8 g5 39. Qxh5 Qc4 40. Qe2 Nc6
41. h4 Qxd4 42. hxg5 fxg5 43. Kg1 Qe4 44. Qd2 Kg6 45. Ne1 Ne5 46. Kf1 d4 47. f4
Qh1+ 48. Ke2 Qe4+ 49. Kd1 Nc4 50. Qb4 d3 51. f5+ Kxf5 52. Qb5+ Ne5 53. g4+ Kxg4 0-1

[Event "ch-CHN Women 2018"]
[Site "Xinghua CHN"]
[Date "2018.04.20"]
[Round "3.6"]
[White "Zhu, Jiner"]
[Black "Ren, Xiaoyi"]
[Result "1-0"]
[WhiteElo "2313"]
[BlackElo "2263"]
[WhiteFideId "8608059"]
[BlackFideId "8608709"]
[EventDate "2018.04.18"]

1. e4 e5 2. Nf3 d6 3. d4 exd4 4. Nxd4 Nf6 5. Nc3 Be7 6. Bf4 O-O 7. Qd2 d5 8.
Ndb5 Bb4 9. exd5 Re8+ 10. Be2 Ne4 11. Qd3 Bf5 12. Qc4 Na6 13. Nd4 Qh4 14. g3 Qh3
15. Nxf5 Qxf5 16. O-O Nxc3 17. bxc3 Bxc3 18. Bd3 Qf6 19. Rab1 Rab8 20. Be3 Rxe3
21. fxe3 Qe5 22. Qxa6 1-0

[Event "ch-CHN Women 2018"]
[Site "Xinghua CHN"]
[Date "2018.04.21"]
[Round "4.1"]
[White "Li, Xueyi"]
[Black "Ren, Xiaoyi"]
[Result "0-1"]
[WhiteElo "2275"]
[BlackElo "2263"]
[WhiteFideId "8605912"]
[BlackFideId "8608709"]
[EventDate "2018.04.18"]

1. Nf3 d5 2. d4 Bf5 3. c4 dxc4 4. Qa4+ c6 5. Qxc4 e6 6. Nc3 Nf6 7. g3 Na6 8. a3
Be7 9. Bg2 O-O 10. O-O Nc7 11. Nh4 Nfd5 12. Nxf5 exf5 13. Qd3 g6 14. h4 Re8 15.
Re1 Bf6 16. h5 Ne6 17. hxg6 hxg6 18. Nxd5 cxd5 19. Be3 Qd6 20. Red1 Kg7 21. Rac1
Rad8 22. Rc3 Rh8 23. Rb3 b6 24. Rb5 Nc7 25. Bf4 Qd7 26. Bxc7 Qxc7 27. Rxd5 Rxd5
28. Bxd5 Rd8 29. Qb3 f4 30. gxf4 Qxf4 31. e3 Qg4+ 32. Bg2 Bh4 33. Rd2 Qf5 34.
Qc2 Qg4 35. Qd1 Qf5 36. b4 Be7 37. Rd3 Rc8 38. Rd2 Rc3 39. d5 Qc8 40. Qe2 Bd6
41. Rd1 Rxa3 42. Qb2+ Qc3 43. Qxc3+ Rxc3 44. b5 Rb3 45. Bf1 Kf6 46. Ra1 Ra3 47.
Rc1 Bc5 48. Bc4 Rxe3 49. Kg2 Re4 50. Rc3 Ke7 51. Rc2 Kd6 52. Kf3 f5 53. Kg2 g5
54. Bd3 Rf4 55. Rd2 Rd4 56. Kf3 Kxd5 57. Ke2 Ke5 58. Ra2 Rf4 59. f3 g4 60. Rxa7
Rxf3 61. Rg7 Re3+ 62. Kd2 g3 63. Rg8 Kf4 64. Be2 Ra3 65. Rg7 Bb4+ 66. Kc2 Ra2+ 0-1

[Event "ch-CHN Women 2018"]
[Site "Xinghua CHN"]
[Date "2018.04.21"]
[Round "4.2"]
[White "Wang, Jue"]
[Black "Zhu, Jiner"]
[Result "1-0"]
[WhiteTitle "WGM"]
[WhiteElo "2365"]
[BlackElo "2313"]
[WhiteFideId "8604070"]
[BlackFideId "8608059"]
[EventDate "2018.04.18"]

1. e4 c5 2. Nf3 d6 3. d4 cxd4 4. Nxd4 Nf6 5. Nc3 a6 6. Be3 e6 7. f3 b5 8. Qd2
Bb7 9. g4 Nfd7 10. O-O-O Nb6 11. Bg5 Qc8 12. a3 h6 13. Be3 N8d7 14. Nb3 Rb8 15.
Qf2 Ba8 16. Rg1 Qc7 17. h4 Ne5 18. g5 hxg5 19. hxg5 Nec4 20. g6 Nxe3 21. Qxe3
Nc4 22. gxf7+ Qxf7 23. Bxc4 bxc4 24. Nd2 e5 25. Rg4 Rh2 26. f4 Qb7 27. Nxc4 Qc8
28. Qg3 Rxc2+ 29. Kxc2 Qxc4 30. fxe5 Qb3+ 31. Kd3 Rc8 32. Rd2 d5 33. Rf4 dxe4+
34. Ke2 Qb6 35. Qg4 Rb8 36. Qd7# 1-0

[Event "ch-CHN Women 2018"]
[Site "Xinghua CHN"]
[Date "2018.04.21"]
[Round "4.3"]
[White "Guo, Qi"]
[Black "Ni, Shiqun"]
[Result "1/2-1/2"]
[WhiteTitle "IM"]
[BlackTitle "WGM"]
[WhiteElo "2381"]
[BlackElo "2444"]
[WhiteFideId "8604002"]
[BlackFideId "8608466"]
[EventDate "2018.04.18"]

1. d4 d5 2. c4 c6 3. Nf3 Nf6 4. e3 Bg4 5. h3 Bxf3 6. Qxf3 e6 7. Bd3 Bb4+ 8. Nd2
Nbd7 9. O-O O-O 10. a3 Bd6 11. Qe2 Re8 12. c5 Be7 13. b4 e5 14. dxe5 Nxe5 15.
Bc2 d4 16. exd4 Qxd4 17. Nb3 Qc4 18. Qxe5 Qxc2 19. Qb2 Qg6 20. Qb1 Ne4 21. Bb2
Rad8 22. Qc2 Nd2 23. Qxg6 hxg6 24. Nxd2 Rxd2 25. Bc3 Rd3 26. Rfc1 Bg5 27. Rc2 f5
28. Kf1 Kf7 29. Re1 Red8 30. Ra1 Bf6 31. Bxf6 Kxf6 32. Re2 Rd1+ 33. Re1 Rxa1 34.
Rxa1 g5 35. Ke2 Ke5 36. Rb1 Rd4 37. Rb3 Re4+ 38. Kd2 Rd4+ 39. Ke2 Re4+ 40. Kd2
Rd4+ 1/2-1/2

[Event "ch-CHN Women 2018"]
[Site "Xinghua CHN"]
[Date "2018.04.21"]
[Round "4.4"]
[White "Zhai, Mo"]
[Black "Huang, Qian"]
[Result "1/2-1/2"]
[WhiteTitle "WGM"]
[BlackTitle "WGM"]
[WhiteElo "2310"]
[BlackElo "2440"]
[WhiteFideId "8600201"]
[BlackFideId "8602689"]
[EventDate "2018.04.18"]

1. d4 Nf6 2. c4 g6 3. g3 Bg7 4. Bg2 O-O 5. Nf3 d6 6. O-O Nc6 7. Nc3 e5 8. e3
exd4 9. exd4 d5 10. cxd5 Nxd5 11. Nxd5 Qxd5 12. Ne5 Qxd4 13. Nxc6 bxc6 14. Be3
Qxb2 15. Qa4 Be6 16. Bxc6 Rab8 17. Qxa7 Qc2 18. Rac1 Qxa2 19. Qxc7 Rbc8 20. Qa7
Qxa7 21. Bxa7 Bb2 22. Rc2 Bf5 23. Rxb2 Rxc6 24. Re1 Be6 25. h4 h5 26. Rb8 Rxb8
27. Bxb8 Rb6 28. Be5 Bf5 29. Bd4 Rb1 30. Rxb1 Bxb1 31. Kg2 1/2-1/2